Capitales d'anciens pays - Statistiques

Statistiques générales
  • Ce quiz a été pris 42 fois
  • Le résultat moyen est 9 sur 20
Statistiques - réponses
Hint Réponse % Correct
Union des Républiques Socialistes Soviétiques (1917-1991) Moscou
82%
Empire byzantin (330-1453) Constantinople
79%
Empire du Brésil (1822-1889) Rio de Janeiro
79%
Yougoslavie (1918-2003) Belgrade
77%
Royaume d'Ecosse (843-1707) Edimbourg
77%
Royaume de Bavière (1805-1918) Münich
77%
Royaume de Danemark-Norvège (1523-1814) Copenhague
72%
Empire carolingien (800-840) Aix-la-Chapelle
69%
République arabe unie (1958-1961) Le Caire
51%
République du Texas (1839-1845) Austin
46%
Royaume des Deux-Siciles (1816-1861) Naples
46%
Empire omeyyade (661-750) Damas
41%
Empire aztèque (1428-1521) Tenochtitlan
28%
Royaume d'Aragon (1035-1707) Saragosse
26%
Royaume wisigoth (418-720) Tolède
26%
Nizamat d'Hyderabad (1724-1948) Hyderabad
23%
Empire moghol (1526-1857) Dehli
13%
Comtat Venaissin (1274-1791) Carpentras
8%
Empire sassanide (224-651) Ctésiphon
8%
Royaume du Bénin (XIIe-1897) Edo
3%
Aucun quiz correspondant
Distribution des résultats
% des personnes avec chaque résultat
Percentile par nombre de réponses
Votre historique - résultats
Vous n’avez pas pris ce quiz